Principles of CMOS VLSI design 2nd : (Record no. 563501)

000 -LEADER
fixed length control field 00418nam a2200133Ia 4500
008 - FIXED-LENGTH DATA ELEMENTS--GENERAL INFORMATION
fixed length control field 210430s9999 xx 000 0 und d
020 ## - INTERNATIONAL STANDARD BOOK NUMBER
International Standard Book Number 201533766
082 ## - DEWEY DECIMAL CLASSIFICATION NUMBER
Classification number 621.395 E753P
100 ## - MAIN ENTRY--PERSONAL NAME
Personal name Weste, Neil H. E.
9 (RLIN) 53484
245 ## - TITLE STATEMENT
Title Principles of CMOS VLSI design 2nd :
Statement of responsibility, etc. Weste, Neil H. E.
260 ## - PUBLICATION, DISTRIBUTION, ETC.
Place of publication, distribution, etc. Reading, Mass. :
Name of publisher, distributor, etc. Addison-Wesley Pub. Co.,
Date of publication, distribution, etc. 1993
300 ## - PHYSICAL DESCRIPTION
Extent xxii, 713 p., [16] p. of plates :
942 ## - ADDED ENTRY ELEMENTS (KOHA)
Koha item type Book
Source of classification or shelving scheme
Holdings
Withdrawn status Lost status Damaged status Not for loan Permanent Location Current Location Date acquired Total Checkouts Full call number Barcode Date last seen Price effective from Koha item type
        School of Chemical & Materials Engineering (SCME) School of Chemical & Materials Engineering (SCME) 03/16/8   621.395 E753P SCME-2634 04/30/2021 04/30/2021 Book
© 2023 Central Library, National University of Sciences and Technology. All Rights Reserved.